000 03046nam0a2200469 4500
001 RU\NLR\bibl\871452
005 20260405182600.0
010 _a5-86014-152-1
_bв пер.
_91000
021 _aRU
_b2005-43167
_92132
035 _a(nilc)RSL-KNO-002685120
035 _a(NLR Aleph) 000860069
090 _a1534265
_c1534265
100 _a20050701d2005 |||y0rusy50 ca
101 0 _arus
102 _aRU
105 _aa |||||||||
106 _ar
200 1 _aЭтиловый спирт в моторном топливе
_e[справ. пособие]
_fВ. П. Баранник, В. Е. Емельянов, В. В. Макаров [и др.]
_gпод ред. д.т.н. В. В. Макарова
210 _aМ.
_cРАУ-Университет
_d2005
_gОАО Моск. тип. N 6
215 _a208 с.
_cил., табл.
_d22
300 _aЗагл. обл.: Производство и оборот денатурированной спиртосодержащей продукции. Этиловый спирт в моторном топливе
313 _aавтомоб.
320 _aБиблиогр.: с. 125-130
512 1 _aПроизводство и оборот денатурированной спиртосодержащей продукции. Этиловый спирт в моторном топливе
606 1 _aБензин автомобильный
_jСправочники
_xПрисадки этанолсодержащие
_91145463
_3RU\NLR\auth\66138112
606 1 _aАвтомобильное топливо этиловое
_jСправочники
_92399773
_3RU\NLR\auth\661430556
610 0 _aТранспорт -- Автодорожный транспорт -- Автомобили -- Техническая эксплуатация -- Автомобильные эксплуатационные материалы -- Автомобильное топливо -- Жидкое топливо -- Пособие для специалистов
610 0 _aТранспорт -- Водный транспорт -- Суда -- Техническая эксплуатация судов -- Судовые эксплуатационные материалы -- Топливо -- Жидкое топливо -- Моторное топливо -- Пособие для специалистов
610 0 _aэтанол в моторном топливе
_aэтиловый спирт в моторном топливе
686 _aО33-082-325.3,07
_2rubbk
686 _aО42-082-325.3,07
_2rubbk
686 _aО33-082-325.3я22
701 1 _aБаранник
_bВ. П.
_4070
701 1 _4070
_8rus
_7ca
_aЕмельянов
_bВ. Е.
_cд-р техн. наук
_f1942-
_gВячеслав Евгеньевич
_3RU\NLR\auth\7779280
_962208
701 1 _aМакаров
_bВ. В.
_4070
702 1 _aМакаров
_bВ. В.
_4340
801 0 _aRU
_bRuMoRKP
_c20050701
_grcr
801 1 _aRU
_bRuMoRGB
_c20050701
801 2 _aRU
_bNLR
_c20051114
_grcr
942 _cBOOK
980 _aNB